[Event "12th Neckar Open A"]
[Site "Deizisau GER"]
[Date "2008.03.24"]
[Round "9"]
[White "Heimann,An"]
[Black "Korneev,O"]
[Result "1/2-1/2"]
[WhiteElo "2403"]
[BlackElo "2645"]

1.e4 c5 2.Nf3 Nc6 3.d4 cxd4 4.Nxd4 Qb6 5.Nb3 Nf6 6.Nc3 e6 7.Bd3 a6 8.Be3 Qc7
9.O-O b5 10.f4 d6 11.a4 b4 12.Nb1 Be7 13.N1d2 O-O 14.Nc4 Bb7 15.Nb6 Rad8
16.a5 Nb8 17.Nd2 Nbd7 18.Qe2 Nc5 19.Bxc5 Qxc5+ 20.Kh1 Qc6 21.Rfc1 Nd7 22.c3 b3
23.Nxb3 Nxb6 24.Nd4 Qc7 25.axb6 Qxb6 26.Bxa6 Ba8 27.Bd3 e5 28.Nf5 Bf6 29.Ra6 Qc7
30.Qf2 Kh8 31.Ra7 Qc5 32.Rf1 exf4 33.Ra6 Be5 34.Nd4 Bb7 35.Raa1 Ra8 36.Kg1 g6
37.Nf3 Bf6 38.Nd2 Be5 39.Nc4 f6 40.Nb6 Rad8 41.Ra7 Rf7 42.Qxc5 dxc5 43.Bc4 Bb8
44.Bxf7 Bxa7 45.Bd5 Bxb6 46.Bxb7 c4+ 47.Kh1 Rd2 48.Bd5 Rxb2 49.Bxc4 Bc7 50.Be6 Rc2
51.c4 Kg7 52.h3 Be5 53.Rd1 h5 54.Kg1 Kf8 55.Rd7 Ke8 56.Kf1 Ra2 57.Rg7 g5
58.c5 Rc2 59.c6 Rxc6 60.Bd7+ Kf8 61.Bxc6 Kxg7 62.Bb5 Kg6 63.Be2 h4 64.Bf3 Kf7
65.Ke2 Ke7 66.Kd3 Kd6 67.Kc4 Kc6 68.Bg4 Kd6 69.Bf3 Kc6 70.Bg4  1/2-1/2

[Event "Spring Open"]
[Site "Belgrade SCG"]
[Date "2008.03.25"]
[Round "1"]
[White "Ravic,N"]
[Black "Petrovski,I"]
[Result "1-0"]
[WhiteElo "2172"]
[BlackElo "1823"]

1.e4 c5 2.Nf3 Nc6 3.d4 cxd4 4.Nxd4 Qc7 5.Nc3 e6 6.Be3 a6 7.Qd2 Nf6 8.f3 b5
9.Nxc6 dxc6 10.O-O-O Be7 11.Kb1 e5 12.g4 Be6 13.g5 Rd8 14.Bd3 Nd7 15.f4 exf4
16.Bxf4 Ne5 17.Qe3 Bd6 18.Rhf1 Nxd3 19.Bxd6 Rxd6 20.cxd3 c5 21.Nd5 Bxd5 22.exd5+ Kd8
23.Qe5 Rg6 24.d6 Qxd6 25.Qe4 Re8 26.Qa8+ Ke7 27.Qb7+ Kd8 28.Rxf7 Qc6 29.Qxc6 Rxc6
30.Rxg7 Rc7 31.Rxc7 Kxc7 32.Kc2 Kd6 33.Kd2 Re5 34.h4 Rf5 35.Ke3 Ke6 36.Rg1 Re5+
37.Kd2 Rd5 38.Kc3 Rd4 39.h5 Kf7 40.g6+ hxg6 41.hxg6+ Kg7 42.Rg5 Rd6 43.Rxc5 Kxg6
44.Re5 Kf6 45.Re2 Kf5 46.b3 a5 47.Re8 Rc6+ 48.Kd4 Rc2 49.Re5+ Kf6 50.a3 Ra2
51.Rxb5 Rxa3 52.Kc4 Ke6 53.d4 Ra1 54.Rb6+ Kd7 55.Ra6 Rc1+ 56.Kd5 Rb1 57.Rxa5 Rxb3
58.Ra7+ Kd8 59.Kc6 Rc3+ 60.Kd6 Kc8 61.d5 Rg3 62.Ra8+ Kb7 63.Re8 Rc3 64.Ke6 Rh3
65.d6 Rh6+ 66.Kd7 Rh7+ 67.Re7 Rh8 68.Rg7 Rf8  1-0

[Event "Spring Open"]
[Site "Belgrade SCG"]
[Date "2008.03.27"]
[Round "3"]
[White "Cvetkovic,V"]
[Black "Petrovski,I"]
[Result "1-0"]
[WhiteElo "2041"]
[BlackElo "1823"]

1.e4 c5 2.Nf3 Nc6 3.d4 cxd4 4.Nxd4 Qc7 5.Be3 Nf6 6.Nc3 e6 7.a3 a6 8.Be2 Be7
9.O-O O-O 10.f4 d6 11.Bf3 Bd7 12.Nb3 Rac8 13.Qd2 b5 14.Kh1 Nb8 15.Qf2 Bd8
16.Rad1 Bc6 17.Nd4 Bb7 18.Rd2 Be7 19.Re1 Nbd7 20.Nb3 e5 21.f5 Nc5 22.Nxc5 dxc5
23.g4 b4 24.Nd5 Nxd5 25.exd5 Bd6 26.f6 Rfe8 27.Be4 Bf8 28.fxg7 Bxg7 29.Qf5 Qd6
30.Rf1 Rc7 31.Qxh7+ Kf8 32.g5 Bc8 33.c4 bxc3 34.bxc3  1-0

[Event "TCh-ISR"]
[Site "Israel ISR"]
[Date "2008.03.28"]
[Round "4"]
[White "Kaplan,S"]
[Black "Rechlis,G"]
[Result "1-0"]
[WhiteElo "2428"]
[BlackElo "2473"]

1.e4 c5 2.Nf3 Nc6 3.d4 cxd4 4.Nxd4 Qc7 5.Nc3 e6 6.Be2 a6 7.O-O Nf6 8.Kh1 Bb4
9.Bg5 Ne7 10.Qd3 Bxc3 11.bxc3 d5 12.Bxf6 gxf6  1-0

[Event "KNSB TCh-NED 2007-8"]
[Site "Netherlands NED"]
[Date "2008.03.29"]
[Round "8"]
[White "Hoeksema,E"]
[Black "Middelburg,T"]
[Result "1/2-1/2"]
[WhiteElo "2377"]
[BlackElo "2389"]

1.e4 c5 2.Nf3 Nc6 3.d4 cxd4 4.Nxd4 Qc7 5.Nc3 e6 6.Be3 a6 7.Qd2 Nf6 8.O-O-O Bb4
9.f3 Ne5 10.Kb1 Bxc3 11.Qxc3 Qxc3 12.bxc3 d5 13.exd5 Nxd5 14.Bd2 b5 15.Re1 Nc4
16.Bxc4 bxc4 17.Nf5 O-O 18.Ne3 Nxe3 19.Bxe3 Bb7 20.Ka1 Bd5 21.Rb1 Rfb8 22.Rxb8+ Rxb8
23.Rb1 Rxb1+  1/2-1/2

[Event "Sozina Open"]
[Site "Bar MNE"]
[Date "2008.03.30"]
[Round "2"]
[White "Nikac,P"]
[Black "Damjanovic,D"]
[Result "1-0"]
[WhiteElo "2355"]
[BlackElo "2301"]

1.e4 c5 2.Nf3 Nc6 3.d4 cxd4 4.Nxd4 Qc7 5.Nc3 e6 6.Be2 a6 7.O-O Nf6 8.Kh1 Nxd4
9.Qxd4 Bc5 10.Qd2 O-O 11.Qg5 Bd4 12.Bf4 e5 13.Bd2 d6 14.Qh4 Be6 15.Bd3 Bxc3
16.Bxc3 Nd7 17.f4 f6 18.Rf3 exf4 19.e5 Nxe5 20.Qxh7+ Kf7 21.Rxf4 Ke8 22.Re1 Qe7
23.Rd4 Rd8 24.Be4 Rd7 25.Bb4 g5 26.Qh5+ Rf7 27.Bg6 Kd8 28.Bxf7 Bxf7 29.Qh8+ Kc7
30.Red1 Nc6 31.Rxd6  1-0

[Event "Sozina Open"]
[Site "Bar MNE"]
[Date "2008.03.30"]
[Round "2"]
[White "Pancevski,F"]
[Black "Miladinovic,I"]
[Result "0-1"]
[WhiteElo "2366"]
[BlackElo "2604"]

1.e4 c5 2.Nf3 Nc6 3.d4 cxd4 4.Nxd4 Qc7 5.Nc3 e6 6.Be3 a6 7.Bd3 Nf6 8.O-O h5
9.h3 Nxd4 10.Bxd4 Bc5 11.Bxc5 Qxc5 12.Na4 Qc7 13.c4 b6 14.e5 Qxe5 15.Nxb6 Rb8
16.Nxc8 Rxc8 17.Qd2 a5 18.Rfe1 Qc5 19.a3 Ke7 20.Qc3 Rb8 21.Re5 d5 22.Rg5 a4
23.cxd5 Qxc3 24.bxc3 Nxd5 25.c4 Kf6 26.h4 Nc3 27.Rg3 Rhd8 28.Kf1 Rd4 29.Rf3+ Ke7
30.g3 Rb3 31.c5 Nd5 32.Be2 Rd2 33.Bd1 Rxd1+  0-1

[Event "TCh-HUN 2007-8"]
[Site "Budapest HUN"]
[Date "2008.03.30"]
[Round "9"]
[White "Rudolf,An"]
[Black "Kaposztas,M"]
[Result "1-0"]
[WhiteElo "2273"]
[BlackElo "2183"]

1.e4 c5 2.Nf3 Nc6 3.d4 cxd4 4.Nxd4 Qc7 5.Nc3 Nf6 6.g3 Nxe4 7.Nxe4 Qe5 8.Bg2 Qxd4
9.Qe2 e6 10.Bf4 Qxb2 11.O-O f6 12.Rab1 Qa3 13.Qh5+ g6 14.Nxf6+ Kf7 15.Qe2 Be7
16.Ne4 d5 17.Ng5+ Bxg5 18.Bxg5 b6 19.Rfe1 h6 20.Bc1 Qd6 21.Bb2 Rg8 22.Rbd1 Bb7
23.Rxd5 Qe7 24.Ba3 Qe8 25.Rd6 Rc8 26.Rxe6 Qd8 27.Bxc6 Rxc6 28.Re7+  1-0

[Event "ch-SRB w"]
[Site "Kac SRB"]
[Date "2008.03.30"]
[Round "2"]
[White "Manakova,M"]
[Black "Djukic,Sa"]
[Result "1-0"]
[WhiteElo "2331"]
[BlackElo "2204"]

1.e4 c5 2.Nf3 Nc6 3.d4 cxd4 4.Nxd4 Qc7 5.Nc3 e6 6.Be2 a6 7.O-O Nf6 8.Kh1 h5
9.Nxc6 bxc6 10.f4 d6 11.Bf3 e5 12.f5 Bb7 13.Be3 h4 14.h3 Be7 15.Na4 c5 16.Nc3 Bc6
17.Bg5 Nd7 18.Qd2 Nb6 19.Be2 f6 20.Be3 Qb7 21.a4 Rd8 22.a5 Na8 23.Nd5 Bxd5
24.exd5 Nc7 25.Bc4 Rb8 26.Rfb1 Rh5 27.Qe2 Rh8 28.Qd3 Kf7 29.Bxc5 Nb5 30.Bb6 Bd8
31.Bxb5 axb5 32.Qxb5 Rh5 33.Qc6 Bxb6 34.axb6 Qxb6 35.Qd7+ Kg8 36.Ra7 Rg5
37.Rf1 Qc5 38.Qf7+ Kh8 39.Ra4  1-0

[Event "ch-NED w"]
[Site "Hilversum NED"]
[Date "2008.04.07"]
[Round "4"]
[White "Bensdorp,L"]
[Black "Muhren,B"]
[Result "0-1"]
[WhiteElo "2085"]
[BlackElo "2297"]

1.e4 c5 2.Nf3 Nc6 3.d4 cxd4 4.Nxd4 Qb6 5.Nb3 Nf6 6.Nc3 e6 7.Be2 a6 8.O-O Be7
9.Be3 Qc7 10.a4 b6 11.f4 d6 12.Bf3 Bb7 13.Qe1 O-O 14.g4 Rfe8 15.g5 Nd7 16.Bg2 Nb4
17.Qf2 Bf8 18.Rad1 Rad8 19.Rd2 Nc5 20.Kh1 g6 21.Rfd1 Qe7 22.Qg3 Bg7 23.Kg1 Bc6
24.a5 Nxb3 25.cxb3 bxa5 26.Bb6 Rb8 27.Bxa5 Bf8 28.Kh1 Ba8 29.Qe3 Qb7 30.Na4 Qb5
31.Bb6 d5 32.exd5 Nxd5 33.Qf2 Nxb6 34.Bxa8 Nxa8 35.Rd3 Qc6+ 36.Qg2 Qxg2+
37.Kxg2 Nb6 38.Nc3 Nd5 39.Kf3 Rxb3 40.Nxd5 Rxd3+ 41.Rxd3 exd5  0-1

[Event "Open"]
[Site "Senj CRO"]
[Date "2008.04.16"]
[Round "1"]
[White "Levar,N"]
[Black "Ljubicic,F"]
[Result "1/2-1/2"]
[WhiteElo "2183"]
[BlackElo "2471"]

1.e4 c5 2.Nf3 Nc6 3.d4 cxd4 4.Nxd4 Qc7 5.Be2 e6 6.Nc3 a6 7.O-O Nf6 8.a3 Be7
9.Kh1 d6 10.f4 Bd7 11.Be3 Rc8 12.Qe1 h5 13.Rd1 Ng4 14.Bg1 Na5 15.f5 Nc4 16.fxe6 fxe6
17.Bxc4 Qxc4 18.h3 Ne5 19.Qg3 g6 20.Nf3 h4 21.Nxe5 hxg3 22.Nxc4 Rxc4 23.Rf3 Bc6
24.Rxg3  1/2-1/2

[Event "Victory Day A"]
[Site "Moscow RUS"]
[Date "2008.04.24"]
[Round "1"]
[White "Chernobay,A"]
[Black "Reshetnikov,A"]
[Result "1/2-1/2"]
[WhiteElo "2416"]
[BlackElo "2402"]

1.e4 c5 2.Nf3 Nc6 3.d4 cxd4 4.Nxd4 Qc7 5.Nc3 e6 6.g3 a6 7.Bg2 Nf6 8.O-O Bc5
9.Nxc6 dxc6 10.Na4 Ba7 11.c4 Nd7 12.Qe2 O-O 13.Be3 b5 14.cxb5 axb5 15.Nc3 b4
16.Nb1 Ne5 17.Nd2 Rd8 18.Rfd1 Ba6 19.Qxa6 Bxe3 20.Qe2 Bb6 21.Kf1 Qe7 22.Nc4 Nxc4
23.Qxc4 Qf6 24.Qe2 e5 25.b3 Bd4 26.Rac1 Rd6 27.Rc2 Rad8 28.Rcd2 Qh6 29.h4 g6
30.Bh3 Qf8 31.Kg2 c5 32.Rd3 Qe7 33.Rf3 Ra8 34.Kh2 Kg7 35.Rd2 Rda6 36.Bf1 Bc3
37.Rd5 Ra5 38.Qc4 Bd4 39.Kg2 R8a7 40.Bd3 h5  1/2-1/2

[Event "IX EICC"]
[Site "Plovdiv BUL"]
[Date "2008.04.25"]
[Round "5"]
[White "Areshchenko,A"]
[Black "Miladinovic,I"]
[Result "1/2-1/2"]
[WhiteElo "2650"]
[BlackElo "2579"]

1.e4 c5 2.Nf3 Nc6 3.d4 cxd4 4.Nxd4 Qc7 5.Nc3 e6 6.Be2 a6 7.O-O Nf6 8.Be3 Bb4
9.Na4 Be7 10.Nxc6 bxc6 11.Nb6 Rb8 12.Nxc8 Qxc8 13.Bd4 Qc7 14.e5 Nd5 15.b3 a5
16.g3 f6 17.Bd3 O-O 18.Qe2 Rf7 19.Rad1 f5 20.f4 c5 21.Ba1 c4 22.Bxc4 Bc5+
23.Rd4 Nb6 24.Bb5 Nc8 25.Rd1 Na7 26.Ba4 Nc6 27.Kg2 Nxd4 28.Bxd4 g5 29.Bxc5 Qxc5
30.Qc4 Qa7 31.fxg5 f4 32.Qe4 fxg3 33.hxg3 Rbf8 34.Kh3 Rg7 35.Qd4 Qxd4 36.Rxd4 Rxg5
37.Bxd7 Rxe5 38.c4 Rf2 39.a3 Kf7 40.b4 axb4 41.axb4 Ke7 42.Bc6 h5 43.c5 Kf6
44.Be4 Re2  1/2-1/2

[Event "Open"]
[Site "Halkidiki GRE"]
[Date "2008.04.30"]
[Round "2"]
[White "Gergacz,A"]
[Black "Grivas,E"]
[Result "1-0"]
[WhiteElo "2287"]
[BlackElo "2498"]

1.e4 c5 2.Nf3 Nc6 3.d4 cxd4 4.Nxd4 Qb6 5.Nb3 Nf6 6.Nc3 e6 7.Bd3 d6 8.Be3 Qc7
9.f4 a6 10.Qf3 Be7 11.O-O O-O 12.Rae1 Nb4 13.a3 Nxd3 14.cxd3 Bd7 15.Rc1 Qd8
16.g4 Bc6 17.Nd4 Rc8 18.b4 Nd7 19.a4 e5 20.Nf5 exf4 21.Qxf4 Ne5 22.Nd5 Ng6
23.Ndxe7+ Nxe7 24.Nxg7 Ng6 25.Qh6 Qh4 26.Nh5 Qxg4+ 27.Kf2 Qh4+ 28.Ke2 Qxh2+
29.Rf2 Qe5 30.Nf6+  1-0

[Event "Open"]
[Site "Halkidiki GRE"]
[Date "2008.05.05"]
[Round "9"]
[White "Ermenkov,Evgenij"]
[Black "Grivas,E"]
[Result "1/2-1/2"]
[WhiteElo "2463"]
[BlackElo "2498"]

1.e4 c5 2.Nf3 Nc6 3.d4 cxd4 4.Nxd4 Qb6 5.Nb3 Nf6 6.Nc3 e6 7.Bd3 d6 8.O-O a6
9.Be3 Qc7 10.f4 Be7 11.Qf3 O-O 12.a3 b5 13.Nd4 Nxd4 14.Bxd4 e5 15.Be3 Bb7
16.Rae1 Rad8 17.Kh1 exf4 18.Bxf4 Nd7 19.Nd5 Bxd5 20.exd5 Bf6 21.c3 Ne5 22.Bxe5 Bxe5
23.a4 bxa4 24.Ra1 Rb8 25.Rf2 a5 26.Rxa4 g6 27.g4 Rb7 28.Kg2 Rfb8 29.Ra2 a4
30.h3 Rb3 31.Rc2 Qc5 32.Rf2 R8b7 33.Ba6 Ra7 34.Rxa4 f6 35.Rc4 Qa5 36.Rc8+ Kg7
37.Bc4 Rbb7 38.Rc6 Qa1 39.b4 Ra3 40.Rf1 Qb2+ 41.Rf2 Qxc3 42.Qxc3 Rxc3 43.b5 Ra7
44.Rf3 Rc2+ 45.Rf2 Rc3 46.Rf3 Rc2+  1/2-1/2

[Event "Mayors Cup Open"]
[Site "Mumbai IND"]
[Date "2008.05.12"]
[Round "3"]
[White "Shrestha,K"]
[Black "Priyadharshan,K"]
[Result "1/2-1/2"]
[WhiteElo "2154"]
[BlackElo "2317"]

1.e4 c5 2.Nf3 Nc6 3.d4 cxd4 4.Nxd4 Qb6 5.Nb3 Nf6 6.Nc3 e6 7.Be3 Qc7 8.a3 a6
9.Be2 Be7 10.O-O d6 11.f4 h5 12.Bf3 h4 13.h3 b5 14.Qe2 Bb7 15.Rad1 Nd7 16.Qf2 Bf6
17.Rd2 Bxc3 18.bxc3 Ne7 19.Rfd1 d5 20.Nc5 Nf6 21.Nxb7 Qxb7 22.exd5 Nfxd5
23.Bc5 O-O 24.Bxd5 Nxd5 25.Bxf8 Rxf8 26.Qxh4 Qb6+ 27.Kh1 Nxc3 28.Rd6 Qc5
29.R1d3 Ne2 30.Rd1 Nc3 31.R1d3 Ne2 32.Rd1 Nc3  1/2-1/2

[Event "Doroshkevich mem"]
[Site "Maykop RUS"]
[Date "2008.05.28"]
[Round "5"]
[White "Makarkin,Z"]
[Black "Sabitov,A"]
[Result "1-0"]
[WhiteElo "2147"]
[BlackElo "2299"]

1.e4 c5 2.Nf3 Nc6 3.d4 cxd4 4.Nxd4 Qb6 5.Nb3 Nf6 6.Nc3 e6 7.a3 a6 8.Be3 Qc7
9.f3 b5 10.Qd2 d6 11.Be2 Be7 12.O-O O-O 13.Rfd1 Rd8 14.Qe1 Ne5 15.Qf2 Rb8
16.Rab1 h6 17.h3 Nc4 18.Bxc4 bxc4 19.Nd4 d5 20.e5 Nd7 21.f4 Nc5 22.f5 exf5
23.Nxf5 Bxf5 24.Qxf5 Qc6 25.Ne2 Qe6 26.Nd4 Qxf5 27.Nxf5 Bf8 28.Nd6 Bxd6 29.exd6 Ne4
30.Rbc1 Rxb2 31.Rxd5 Rxd6 32.Re5 Nc3 33.Bc5 Rd2 34.Bb4 Ne2+ 35.Kh2 Rdxc2
36.Rxc2 Rxc2 37.Ra5 Nf4 38.Kg3 g5 39.Rxa6 Rxg2+ 40.Kf3 Rh2 41.Rxh6 Ra2 42.h4 Nd5
43.Rc6  1-0

[Event "Doroshkevich mem"]
[Site "Maykop RUS"]
[Date "2008.05.29"]
[Round "6"]
[White "Zhukov,Vi"]
[Black "Petrova,O"]
[Result "0-1"]
[WhiteElo "2242"]
[BlackElo "2110"]

1.e4 c5 2.Nf3 Nc6 3.d4 cxd4 4.Nxd4 Qb6 5.Nb3 Nf6 6.Nc3 e6 7.Be3 Qc7 8.a3 d6
9.f4 a6 10.Be2 Be7 11.O-O b5 12.Bf3 Rb8 13.Kh1 O-O 14.g4 Re8 15.g5 Nd7 16.Bg2 Bf8
17.Qh5 g6 18.Qh4 Bg7 19.f5 Bxc3 20.bxc3 exf5 21.exf5 Rxe3 22.fxg6 hxg6 23.Rxf7 Kxf7
24.Rf1+ Ke7 25.Qh8 Bb7 26.Qg7+ Kd8  0-1

[Event "XXVII Open"]
[Site "Zalakarosi HUN"]
[Date "2008.05.29"]
[Round "8"]
[White "Tesik,C"]
[Black "Gara,A"]
[Result "0-1"]
[WhiteElo "2032"]
[BlackElo "2331"]

1.e4 c5 2.Nf3 Nc6 3.d4 cxd4 4.Nxd4 Qb6 5.Nb3 Nf6 6.Nc3 e6 7.Be3 Qc7 8.Bd3 a6
9.O-O b5 10.f4 d6 11.a4 b4 12.Nb1 Na5 13.Nxa5 Qxa5 14.Nd2 Bb7 15.Bd4 Be7
16.Qe2 O-O 17.Nc4 Qc7 18.e5 dxe5 19.fxe5 Bc5 20.Bxc5 Qxc5+ 21.Kh1 Nd7 22.Rf4 g6
23.Raf1 Bd5 24.Re1 a5 25.b3 Bxc4 26.Rxc4 Qe7 27.Rg4 Rac8 28.Qf3 Rc5 29.Qg3 Rd8
30.h4 Rc3 31.Qf2 Qc5 32.Qf4 Qf8 33.Qf2 Nc5 34.Bc4 Rc8 35.Qe2 Qh6 36.Rd4 Qf8
37.Rf1 Rc7 38.Rg4 Qd8 39.Rgf4 Rd7 40.Qf2 Qc7 41.Bb5 Re7 42.Qe2 Nd7 43.Bxd7 Rxc2
44.Qxc2 Qxc2 45.Rxf7 Qe4 46.R1f4 Qe1+ 47.Kh2 Qxe5 48.Rxe7 Qxf4+ 49.g3 Qd2+
50.Kh3 Kf8 51.Rxh7 Qe3 52.Rh8+ Ke7 53.Be8 Qxb3 54.Bxg6 Qxa4 55.h5 Kf6 56.Kh4 b3+
57.g4 Qb4 58.Rh7 Qe1+ 59.Kh3 b2 60.Rf7+ Kg5 61.Rf8 b1=Q 62.Bxb1 Qxb1 63.Rg8+ Kh6
64.Kh4 Qe1+ 65.Kh3 a4 66.Rg6+ Kh7 67.g5 Qe3+  0-1

[Event "TCh-BIH"]
[Site "Neum BIH"]
[Date "2008.06.08"]
[Round "5"]
[White "Vuckovic,Bo"]
[Black "Kozul,Z"]
[Result "0-1"]
[WhiteElo "2556"]
[BlackElo "2583"]

1.e4 c5 2.Nf3 Nc6 3.d4 cxd4 4.Nxd4 Qb6 5.Nb3 Nf6 6.Nc3 e6 7.Qe2 d6 8.g4 h6
9.h4 a6 10.Bh3 g6 11.g5 hxg5 12.Bxg5 Nh5 13.O-O-O Qc7 14.Bg4 Be7 15.Bxh5 Rxh5
16.Kb1 b5 17.Bxe7 Kxe7 18.f4 Bb7 19.Qf2 Rc8 20.f5 gxf5 21.exf5 Ne5 22.f6+ Ke8
23.Rhe1 Rf5 24.Qg3 Rxf6 25.Nd4 Rg6 26.Qf2 Rg2 27.Qf6 Qe7 28.Qh8+ Qf8 29.Qh5 Rg6
30.Ne4 Bxe4 31.Rxe4 Qg7 32.Ree1 Ke7 33.Qe2 Rg4 34.Nf3 Nc4 35.c3 Rg2 36.Qe4 Rxb2+
37.Ka1 Qxc3  0-1

[Event "TCh-BIH"]
[Site "Neum BIH"]
[Date "2008.06.11"]
[Round "8"]
[White "Rade,M"]
[Black "Miladinovic,I"]
[Result "1/2-1/2"]
[WhiteElo "2441"]
[BlackElo "2579"]

1.e4 c5 2.Nf3 Nc6 3.d4 cxd4 4.Nxd4 Qc7 5.Nc3 e6 6.Be2 a6 7.O-O Nf6 8.Be3 Bb4
9.Na4 Be7 10.Nxc6 bxc6 11.Nb6 Rb8 12.Nxc8 Qxc8 13.e5 Nd5 14.Bc1 Bc5 15.c4 Ne7
16.b3 Qc7 17.Bb2 d6 18.exd6 Bxd6 19.g3 Be5 20.Bxe5 Qxe5 21.Re1 c5 22.Bh5 Qc7
23.Rxe6 g6 24.Re4 O-O 25.Bf3 Nf5 26.Qe1 Nd4 27.Qc3 Qb6 28.Bg2 Rfe8 29.Rae1 Re6
30.R4e3 Rxe3 31.Rxe3 Qf6 32.Bd5 Kg7 33.Re1 Nf5 34.Qf3 h5 35.h4 a5 36.Qd1 Qc3
37.Re2 Rd8 38.Rc2 Qf6 39.Qe1 Nd4 40.Rc3 Rd7 41.Qd2 Re7 42.Rd3 Rc7 43.Rc3 Ra7
44.Re3  1/2-1/2

[Event "FSGM June"]
[Site "Budapest HUN"]
[Date "2008.06.15"]
[Round "9"]
[White "Macak,S"]
[Black "Fogarasi,T"]
[Result "1/2-1/2"]
[WhiteElo "2342"]
[BlackElo "2426"]

1.e4 c5 2.Nf3 Nc6 3.d4 cxd4 4.Nxd4 Qc7 5.Nc3 e6 6.Be3 a6 7.Qd2 Nf6 8.O-O-O Bb4
9.f3 Ne7 10.Nde2 b5 11.g4 d6 12.a3 Bc5 13.g5 Nd7 14.Bxc5 dxc5 15.h4 Bb7 16.Nf4 O-O-O
17.Qe3 Ne5 18.Be2 g6 19.Rxd8+ Rxd8 20.h5 Qd6 21.Rd1 Qc7 22.h6 Rxd1+ 23.Nxd1 Qd6
24.Nd3 Nd7 25.N1f2 Nc6 26.c3 c4 27.Nb4 Na5 28.Bd1 e5 29.Ng4 f5 30.exf5 gxf5
31.Nf2 f4 32.Qd2 Qg6 33.Qc2 Nb3+ 34.Kb1 e4 35.Nxe4 Bxe4 36.fxe4 Qxg5 37.Qh2 f3
38.Ka2 Qd2 39.Qxd2 Nxd2 40.Nd5 f2 41.Ne3 f1=Q 42.Nxf1 Nxf1 43.Bg4 Ne3 44.Bh3 Kc7
45.a4 Nc5 46.axb5 axb5 47.e5 Nd3 48.Be6 Nxe5 49.Bg8  1/2-1/2

[Event "Serbia Cup"]
[Site "Zlatibor SRB"]
[Date "2008.06.16"]
[Round "1"]
[White "Dobrijevic,M"]
[Black "Miljkovic,Mih"]
[Result "0-1"]
[WhiteElo "2183"]
[BlackElo "2261"]

1.e4 c5 2.Nf3 Nc6 3.d4 cxd4 4.Nxd4 Qc7 5.Nc3 e6 6.Be3 a6 7.Be2 Nf6 8.O-O Bb4
9.Nxc6 bxc6 10.Bd3 d5 11.exd5 cxd5 12.Na4 Bb7 13.c3 Bd6 14.h3 O-O 15.b4 Qc6
16.f3 Nh5 17.Bc5 Nf4 18.Bxd6 Qxd6 19.Nc5 Bc6 20.a4 a5 21.Qc2 Rfb8 22.Bxh7+ Kh8
23.Nd3 g6 24.Nxf4 Qxf4 25.Bxg6 fxg6 26.Qxg6 Bd7 27.Rad1 Qe3+ 28.Kh1 Qxc3
29.Rc1 Qg7 30.Qh5+ Kg8 31.b5 Re8 32.Qh4 Kf7 33.b6 Rg8 34.Rf2 Qg3 35.Qh5+ Qg6
36.Qh4 Qg3 37.Qh5+ Qg6 38.Qe5 Qg3 39.Qh5+ Ke7 40.Re2  0-1

[Event "Serbia Cup"]
[Site "Zlatibor SRB"]
[Date "2008.06.18"]
[Round "3"]
[White "Nikolic,Milo"]
[Black "Miladinovic,I"]
[Result "0-1"]
[WhiteElo "2297"]
[BlackElo "2579"]

1.e4 c5 2.Nf3 Nc6 3.d4 cxd4 4.Nxd4 Qc7 5.Nc3 e6 6.Be3 a6 7.a3 b5 8.Be2 Bb7
9.O-O Nf6 10.f4 Bc5 11.Qd3 b4 12.Nxc6 Bxe3+ 13.Qxe3 bxc3 14.Nd4 cxb2 15.Rab1 Bxe4
16.Rxb2 O-O 17.Rfb1 Rfe8 18.Nf3 Bg6 19.Ne5 Nd5 20.Qd4 Nc3 21.Bf3 Nxb1 22.Bxa8 Rxa8
23.Rxb1 Qxc2 24.Rb2 Qc1+ 25.Kf2 d6 26.Nc4 d5 27.Qe5 h5 28.Nd6 Qc5+ 29.Kg3 Qxa3+
30.Kf2 Rd8 31.Nb7 Rc8 32.Nd6 Qxb2+  0-1

[Event "Match"]
[Site "Podgorica MNE"]
[Date "2008.06.28"]
[Round "2"]
[White "Ivanovic,B"]
[Black "Djukic,Ni"]
[Result "1/2-1/2"]
[WhiteElo "2444"]
[BlackElo "2543"]

1.e4 c5 2.Nf3 Nc6 3.d4 cxd4 4.Nxd4 Qc7 5.Nc3 e6 6.g3 a6 7.Bg2 d6 8.O-O Bd7
9.Re1 Nf6 10.Nxc6 bxc6 11.Na4 Rb8 12.c4 c5 13.Nc3 Be7 14.Qe2 O-O 15.Bf4 e5
16.Be3 Bc6 17.Rad1 Rfe8 18.f4 exf4 19.Bxf4 Nd7 20.Qd2 Ne5 21.Bxe5  1/2-1/2

[Event "XII Izmailov Mem"]
[Site "Tomsk RUS"]
[Date "2008.06.29"]
[Round "5"]
[White "Loskutov,O"]
[Black "Fominyh,A"]
[Result "1-0"]
[WhiteElo "2434"]
[BlackElo "2497"]

1.e4 c5 2.Nf3 Nc6 3.d4 cxd4 4.Nxd4 Qb6 5.Nb3 Nf6 6.Nc3 e6 7.Bd3 Be7 8.O-O O-O
9.Kh1 Ne5 10.Be3 Qc7 11.f4 Nxd3 12.cxd3 b6 13.Rc1 Bb7 14.Nb5 Qd8 15.a4 Ne8
16.f5 a6 17.Nc3 exf5 18.Rxf5 Nd6 19.Rf1 f5 20.e5 Nf7 21.Nd4 Nxe5 22.Nxf5 Kh8
23.Bd4 d6 24.Qb3 Bg5 25.Rcd1 Qd7 26.Ng3 Rab8 27.Rxf8+ Rxf8 28.Qxb6 Rb8 29.Nge4 Be7
30.Nd5 Qg4 31.Rf1 Nd7 32.Qb3 Bc6 33.Qc4 Bxd5 34.Qxd5 Qg6 35.Rf7  1-0

[Event "TCh-TUR"]
[Site "Kocaeli TUR"]
[Date "2008.07.01"]
[Round "13"]
[White "Selen,D"]
[Black "Apaydin,F"]
[Result "0-1"]
[WhiteElo "2025"]
[BlackElo "2187"]

1.e4 c5 2.Nf3 Nc6 3.d4 cxd4 4.Nxd4 Qb6 5.Nb3 Nf6 6.Nc3 e6 7.Bd3 a6 8.O-O d6
9.Qe2 Be7 10.Bd2 O-O 11.Kh1 Re8 12.f4 Qc7 13.Rae1 g6 14.f5 Ne5 15.Nd4 b5
16.Bg5 Qd8 17.Bf4 Bd7 18.Nf3 Nxd3 19.cxd3 exf5 20.exf5 b4 21.Nd1 Nd5 22.Qd2 Bxf5
23.Nd4 Bd7 24.Qf2 f5 25.Ne6 Bxe6 26.Rxe6 Bf8 27.Rxe8 Qxe8 28.Re1 Qf7 29.b3 a5
30.Ne3 Nxe3 31.Qxe3 a4 32.Rb1 axb3 33.axb3 Qd5 34.Qd2 Qd4 35.h3 d5 36.Be3 Qc3
37.Qe2 Re8 38.Qf3 Qxd3 39.Rd1 Qxe3 40.Qxd5+ Qe6  0-1

[Event "Match"]
[Site "Podgorica MNE"]
[Date "2008.07.01"]
[Round "4"]
[White "Ivanovic,B"]
[Black "Djukic,Ni"]
[Result "0-1"]
[WhiteElo "2444"]
[BlackElo "2543"]

1.e4 c5 2.Nf3 Nc6 3.d4 cxd4 4.Nxd4 Qc7 5.Nc3 e6 6.Be3 a6 7.Qd2 Nf6 8.O-O-O Bb4
9.f3 Ne5 10.Nb3 b5 11.Kb1 Be7 12.Qf2 d6 13.g4 Nfd7 14.g5 Bb7 15.Rg1 b4 16.Na4 Nxf3
17.Qxf3 Bc6 18.Qh3 g6 19.Nc3 bxc3 20.Bd4 e5 21.Bxc3 Bxe4 22.Bd3 Bxd3 23.cxd3 a5
24.d4 a4 25.dxe5 Nxe5 26.Nd4 Qd7 27.Qh6 Bf8 28.Qh4 Bg7 29.Rg3 Rb8 30.Rf1 h5
31.gxh6 Rxh6 32.Qg5 Rh5 33.Qd2 Kf8 34.Rg2 Kg8 35.Qd1 Qh3 36.Rg3 Qxh2 37.Rgg1 Nc4
38.Ka1 a3 39.b3 Ne3 40.Qf3 Nxf1 41.Rxf1 Rf8 42.Kb1 Rh3 43.Qc6 Qg3  0-1

[Event "Match"]
[Site "Podgorica MNE"]
[Date "2008.07.03"]
[Round "6"]
[White "Ivanovic,B"]
[Black "Djukic,Ni"]
[Result "1/2-1/2"]
[WhiteElo "2444"]
[BlackElo "2543"]

1.e4 c5 2.Nf3 Nc6 3.d4 cxd4 4.Nxd4 Qc7 5.Nc3 e6 6.Be2 a6 7.O-O Nf6 8.Kh1 Nxd4
9.Qxd4 Bc5 10.Qd3 b5 11.Bg5 Bb7 12.f4 b4 13.Bxf6  1/2-1/2

[Event "Sparkassen Open"]
[Site "Dortmund GER"]
[Date "2008.07.04"]
[Round "7"]
[White "Bartel,Mari"]
[Black "Voicu,C"]
[Result "0-1"]
[WhiteElo "2149"]
[BlackElo "2290"]

1.e4 c5 2.Nf3 Nc6 3.d4 cxd4 4.Nxd4 Qb6 5.Nb3 Nf6 6.Nc3 e6 7.Be3 Qc7 8.f3 a6
9.Be2 b5 10.Qd2 Bb7 11.g4 d6 12.g5 Nd7 13.f4 Nc5 14.Bf3 Na4 15.Nxa4 bxa4
16.Nd4 Rc8 17.O-O Be7 18.c3 O-O 19.Qd1 a3 20.b3 Rfe8 21.Ne2 Bf8 22.Qe1 Nb8
23.Qf2 Nd7 24.Rac1 e5 25.f5 d5 26.Qh4 dxe4 27.Bxe4 Bxe4 28.Qxe4 Nc5 29.Qc4 Qc6
30.Ng3 Qb5 31.Qg4 Qd3 32.Kf2 Rc6 33.c4 Qd7 34.Rcd1 Qb7 35.Rd5 e4 36.Kg1 a5
37.Kg2 a4 38.bxa4 Nd3 39.Kh3 Rxc4 40.Rxd3 exd3 41.Qxc4 Rxe3 42.Qd4 Qe7 43.f6 Qe6+
44.Kg2 g6 45.Rf2 h5 46.h4 Qc6+ 47.Kh2 Rxg3 48.Kxg3 Bd6+ 49.Rf4 Qc7 50.Qxd3 Bxf4+
51.Kf3 Bd6 52.a5 Qc6+ 53.Ke2 Qg2+ 54.Kd1 Qg1+ 55.Ke2 Qg2+ 56.Kd1 Bb4 57.a6 Qxa2
58.a7 Qa1+ 59.Ke2 Qe1+ 60.Kf3 Qxh4  0-1

[Event "Superfinal Chelyabinsk Oblast"]
[Site "Satka RUS"]
[Date "2008.07.06"]
[Round "12"]
[White "Kotsur,P"]
[Black "Matsenko,S"]
[Result "1-0"]
[WhiteElo "2566"]
[BlackElo "2440"]

1.e4 c5 2.Nf3 Nc6 3.d4 cxd4 4.Nxd4 Qc7 5.Nc3 e6 6.Be2 a6 7.O-O Nf6 8.Be3 Bb4
9.Na4 Be7 10.Nxc6 bxc6 11.Nb6 Rb8 12.Nxc8 Qxc8 13.e5 Nd5 14.Bc1 Bc5 15.Qd3 Qc7
16.Qe4 O-O 17.Bxa6 f5 18.exf6 Nxf6 19.Qe2 Rb4 20.Bc4 d5 21.Qxe6+ Kh8 22.Bd3 Ng4
23.g3 Nxf2 24.Be3 Qb6 25.Rae1 Rxb2 26.Rxf2  1-0

[Event "60th ch-MNE"]
[Site "Cetinje MNE"]
[Date "2008.07.07"]
[Round "1"]
[White "Ivanovic,B"]
[Black "Djukic,Ni"]
[Result "0-1"]
[WhiteElo "2436"]
[BlackElo "2545"]

1.e4 c5 2.Nf3 Nc6 3.d4 cxd4 4.Nxd4 Qc7 5.Nc3 e6 6.Be3 a6 7.Qd2 Nf6 8.O-O-O Bb4
9.f3 Ne5 10.Nb3 b5 11.Kb1 Be7 12.Qf2 d6 13.g4 Nfd7 14.Rg1 Bb7 15.f4 b4 16.Na4 Nc4
17.Bxc4 Qxc4 18.Nd2 Qc6 19.b3 Rc8 20.Rc1 Nf6 21.Bd4 O-O 22.e5 dxe5 23.Bxe5 Ne4
24.Nxe4 Qxe4 25.Rge1 Qf3 26.Qxf3 Bxf3 27.g5 f6 28.gxf6 gxf6 29.Bb2 Kf7 30.Re3 Bg4
31.Nb6 Rcd8 32.Nc4 Bf5 33.Rg3 Rg8 34.Ne3 Be4 35.Ng4 Rg6 36.Re1 Bb7 37.Ne3 Rxg3
38.hxg3 h5 39.Nc4 Bc5 40.Ne3 Rg8 41.f5 e5 42.Nc4 Rxg3 43.Rd1 Ke7 44.Bc1 h4
45.a3 h3 46.axb4 Bxb4 47.Nb6 h2 48.Rd7+ Ke8  0-1